000 00575nam a2200229Ia 4500
003 OSt
005 20221006164055.0
006 a|||||r|||| 00| 0
007 ta
008 221006b |||||||| |||| 00| 0 eng d
024 _a3,240
037 _cTextual
040 _aFML
_cFML
_beng
041 _2eng
_aeng
082 _aMI5, L5
100 _aTripathi Devika Au.
_9676553
245 0 _aIkebana
260 _aNew Delhi
_bVikas Publication
_c1975
300 _a77
_ccm.
942 _hMI5, L5
_cTEXL
_2CC
999 _c1116159
_d1116159